A modern view of geometry

Αποθηκεύτηκε σε:
Λεπτομέρειες βιβλιογραφικής εγγραφής
Κύριος συγγραφέας: Blumenthal, Leonard M. (Leonard Mascot), 1901-1984
Μορφή: Βιβλίο
Γλώσσα:English
Δημοσίευση: San Francisco : W. H. Freeman, c1961.
Σειρά:Series of undergraduate books in mathematics
Θέματα:
Ετικέτες: Προσθήκη ετικέτας
Δεν υπάρχουν, Καταχωρήστε ετικέτα πρώτοι!

MARC

LEADER 00000cam a2200000 i 4500
001 1/353
008 090625s1961 cau| ||| |||| ||eng||
035 |l 10105206 
040 |a GR-MyUA  |b gre  |e AACR2 
041 0 |a eng 
082 7 |a 516   |2 (22) 
100 1 |a Blumenthal, Leonard M.   |q (Leonard Mascot),   |d 1901-1984. 
245 1 2 |a A modern view of geometry /   |c by Leonard M. Blumenthal.  
260 |a San Francisco :   |b W. H. Freeman,   |c c1961.  
300 |a xii, 191 σ. :   |b εικ. ;   |c 21 εκ.  
490 1 |a (Α series of undergraduate books in mathematics. Golden gate editions)  
650 0 0 |a Geometry. 
830 0 |a Series of undergraduate books in mathematics 
852 |a INST  |b SAMOS  |c MAG  |e 20090625  |h 516 BLU  |p 005300028557  |q 005300028557  |t BK  |y 0 
901 |a BIBL3-2009-2 
970 |a ΜΑΛΑΓΑΡΗ  |b ΦΩΤΕΙΝΗ  |z 2009/06/25